Рецензия на коллективную монографию «Формирование структурно-фазовых состояний металлов и сплавов при электровзрывном легировании и электронно-пучковой обработке»; Фундаментальные проблемы современного материаловедения; Т. 8, № 1
| Parent link: | Фундаментальные проблемы современного материаловедения: научный журнал.— , 2014-.— 1811-1416 Т. 8, № 1.— 2011.— [С. 114-115] |
|---|---|
| Ente Autore: | |
| Altri autori: | , , , , , , , , |
| Riassunto: | Заглавие с экрана Режим доступа: по договору с организацией-держателем ресурса |
| Lingua: | russo |
| Pubblicazione: |
2011
|
| Soggetti: | |
| Accesso online: | http://elibrary.ru/item.asp?id=15608867 |
| Natura: | MixedMaterials Elettronico Capitolo di libro |
| KOHA link: | https://koha.lib.tpu.ru/cgi-bin/koha/opac-detail.pl?biblionumber=648424 |
MARC
| LEADER | 00000naa0a2200000 4500 | ||
|---|---|---|---|
| 001 | 648424 | ||
| 005 | 20250905162255.0 | ||
| 035 | |a (RuTPU)RU\TPU\network\13581 | ||
| 035 | |a RU\TPU\network\13468 | ||
| 090 | |a 648424 | ||
| 100 | |a 20160519d2011 k||y0rusy50 ca | ||
| 101 | 0 | |a rus | |
| 102 | |a RU | ||
| 135 | |a drcn ---uucaa | ||
| 181 | 0 | |a i | |
| 182 | 0 | |a b | |
| 200 | 1 | |a Рецензия на коллективную монографию «Формирование структурно-фазовых состояний металлов и сплавов при электровзрывном легировании и электронно-пучковой обработке» |d Review of the monograph "Formation of metals and alloys structure-phase states under electroexplosive alloying and electron beam treatment" |f Е. А. Будовских [и др.] | |
| 203 | |a Текст |c электронный | ||
| 300 | |a Заглавие с экрана | ||
| 333 | |a Режим доступа: по договору с организацией-держателем ресурса | ||
| 461 | 1 | |0 (RuTPU)RU\TPU\prd\279744 |x 1811-1416 |t Фундаментальные проблемы современного материаловедения |o научный журнал |d 2014- | |
| 463 | |t Т. 8, № 1 |v [С. 114-115] |d 2011 | ||
| 510 | 1 | |a Review of the monograph "Formation of metals and alloys structure-phase states under electroexplosive alloying and electron beam treatment" |z eng | |
| 610 | 1 | |a электронный ресурс | |
| 610 | 1 | |a труды учёных ТПУ | |
| 610 | 1 | |a рецензия | |
| 701 | 1 | |a Будовских |b Е. А. | |
| 701 | 1 | |a Ващук |b Е. С. | |
| 701 | 1 | |a Громов |b В. Е. | |
| 701 | 1 | |a Иванов |b Ю. Ф. |c физик |c профессор Томского политехнического университета, доктор физико-математических наук |f 1955- |g Юрий Федорович |3 (RuTPU)RU\TPU\pers\28208 | |
| 701 | 1 | |a Коваль |b Н. Н. |c специалист в области электроники |c профессор Томского политехнического университета, доктор технических наук |f 1948- |g Николай Николаевич |3 (RuTPU)RU\TPU\pers\31831 | |
| 701 | 1 | |a Осколкова |b Т. Н. | |
| 701 | 1 | |a Романов |b Д. А. | |
| 701 | 1 | |a Сарычев |b В. Д. | |
| 701 | 1 | |a Филимонов |b С. Ю. | |
| 712 | 0 | 2 | |a Национальный исследовательский Томский политехнический университет (ТПУ) |c (2009- ) |3 (RuTPU)RU\TPU\col\15902 |
| 801 | 2 | |a RU |b 63413507 |c 20190225 |g RCR | |
| 856 | 4 | |u http://elibrary.ru/item.asp?id=15608867 | |
| 942 | |c CF | ||